000 00361nam a2200145Ia 4500
008 230917s9999||||xx |||||||||||||| ||und||
040 _e151531
_aMAIN
041 _aEnglish
082 _a297.72 S19J
100 _aSahai, Shashi B
245 0 _aJihadi terrorism: making of a world wor
260 _aNew Delhi
_bGyan
_c2006
300 _a328p. p.
942 _cBK
999 _c136992
_d136992